000 00327nam a22001337a 4500
003 LRUA
005 20230712212907.0
008 230712b xxu||||| |||| 00| 0 eng d
040 _cRUA
082 _2001 COM 2000 C227 Or.
245 _aANNUAL EDITIONS COMPUTERS IN SOCIETY
260 _aPhnom Penh
_bRUA
_c2000
942 _2ddc
_cEK
999 _c21559
_d21559